| 000 | 01282nam a22003497a 4500 | ||
|---|---|---|---|
| 001 | 366 | ||
| 003 | FISKH | ||
| 005 | 20231207161418.0 | ||
| 008 | 230329b cb ||||| |||| 00| 0 eng d | ||
| 020 | _a9780545568050 | ||
| 040 |
_aDLC _cDLC _dDLC _dFISKH _beng |
||
| 042 |
_alcac _apcc |
||
| 050 | 0 | 0 |
_aPZ7.F9234 _bOd 2013 |
| 082 | 0 | 0 |
_a813.54 _223 |
| 100 | 1 |
_aFry, Michael, _d1959- |
|
| 245 | 1 | 4 |
_aThe Odd Squad : _bbully bait / _cMichael Fry. |
| 246 | 3 | 0 | _aBully bait |
| 250 | _a1st ed. | ||
| 260 |
_aNew York : _bScholastic. _c2013. |
||
| 300 |
_a214 pages. : _billustrations ; _c20 cm. |
||
| 505 | _aM | ||
| 520 | _aWhen his school counselor insists that he needs better socialization skills after being stuffed into a locker by a bully, middle-schooler Nick finds himself, along with two other misfits, joining the school's lamest club: Safety Patrol. | ||
| 521 | 8 |
_a570
_bLexile |
|
| 521 | 8 |
_aM
_bRaz-Plus |
|
| 650 | 1 |
_aMiddle schools _vFiction. |
|
| 650 | 1 |
_aSchools _vFiction. |
|
| 650 | 1 |
_aBullies and bullying _vFiction. |
|
| 650 | 1 |
_aInterpersonal relations _vFiction. |
|
| 906 |
_a7 _bcbc _corignew _d1 _eecip _f20 _gy-gencatlg |
||
| 942 |
_2ddc _cBK _n0 |
||
| 999 |
_c366 _d366 |
||